|
|
|
|
| LEADER |
00000cam a2200000 7i4500 |
| 001 |
0000008250 |
| 002 |
000008996 |
| 005 |
20000330.0 |
| 020 |
|
|
|a 1564141551
|
| 090 |
0 |
0 |
|a 658.812
|b TIM
|
| 100 |
1 |
|
|a Timm, Paul R
|
| 245 |
1 |
0 |
|a 50 powerful ideas you can use to keep your customers
|c Paul R.Timm
|
| 250 |
|
|
|a 2nd ed
|
| 260 |
|
|
|a Hawthorne areer Press ,
|c 1995
|
| 300 |
|
|
|a 121p. ;
|c 22cm.
|
| 650 |
0 |
0 |
|a Self-presentation
|
| 650 |
0 |
0 |
|a Vocational guidance
|
| 999 |
|
|
|a 048269
|b BUKU
|c PINJAMAN
|e PERPUSTAKAAN KOMUNITI PETALING JAYA
|
| 999 |
|
|
|a 048270
|b BUKU
|c PINJAMAN
|e PERPUSTAKAAN KOMUNITI PETALING JAYA
|